[Event "Jan Macieja Memorial"]
[Site "Warsaw POL"]
[Date "2023.07.10"]
[Round "11.30"]
[White "Sprzeczka, Emilia"]
[Black "Dzida, Kamil"]
[Result "0-1"]
[WhiteElo "1876"]
[BlackElo "2139"]
[EventDate "2023.07.10"]
[PlyCount "38"]

1.e4 c5 2.c3 Nf6 3.e5 Nd5 4.Nf3 Nc6 5.Bc4 Nb6 6.Bb3 c4 7.Bc2 d5 8.exd6 e5 9.O-O 
Bxd6 10.Re1 O-O 11.d4 Bg4 12.d5 e4 13.Bxe4 f5 14.dxc6 fxe4 15.h3 exf3 16.hxg4 
Bh2+ 17.Kxh2 Qh4+ 18.Kg1 Qxg4 19.g3 Qh3 0-1

[Event "Jan Macieja Memorial"]
[Site "Warsaw POL"]
[Date "2023.07.10"]
[Round "11.31"]
[White "Kovalevsky, Stanislav"]
[Black "Backiel, Hubert"]
[Result "1-0"]
[WhiteElo "2133"]
[BlackElo "1823"]
[EventDate "2023.07.10"]
[PlyCount "115"]

1.c4 e6 2.e4 d5 3.cxd5 exd5 4.exd5 Qxd5 5.Nc3 Qa5 6.Bc4 Nd7 7.Nf3 Ngf6 8.Qe2+ 
Be7 9.O-O Nb6 10.Bb3 Qb4 11.Re1 Bg4 12.Bxf7+ Kxf7 13.Ne5+ Kg8 14.Nxg4 Qxg4 
15.Qxg4 Nxg4 16.Rxe7 Kf8 17.Rxc7 Re8 18.g3 Re7 19.Rxe7 Kxe7 20.d4 Kf7 21.Bf4 
Rd8 22.Nb5 Rd5 23.Nd6+ Kg6 24.Nxb7 Rxd4 25.Re1 Nc4 26.b3 Na3 27.Re7 Nc2 28.Kg2 
Rd1 29.h3 Ne1+ 30.Rxe1 Rxe1 31.hxg4 Ra1 32.a4 Rb1 33.Nc5 Kf7 34.Be3 a6 35.Kf3 
Ke7 36.Ke4 Kd6 37.Kd4 Kc6 38.Kc4 Kb6 39.b4 g6 40.a5+ Ka7 41.Ne6+ Kb7 42.Nf8 Rb2 
43.Nxh7 Rc2+ 44.Kd3 Rc7 45.Nf8 Re7 46.Nxg6 Rd7+ 47.Bd4 Rd6 48.Ne5 Rd8 49.f4 Rc8 
50.Bc5 Rd8+ 51.Ke4 Rd1 52.g5 Re1+ 53.Kf5 Rh1 54.g6 Rh8 55.g7 Rg8 56.Kf6 Kc7 
57.Kf7 Rc8 58.g8=Q 1-0

[Event "Jan Macieja Memorial"]
[Site "Warsaw POL"]
[Date "2023.07.10"]
[Round "11.32"]
[White "Celinski, Kamil"]
[Black "Rekuc, Patryk"]
[Result "0-1"]
[WhiteElo "1855"]
[BlackElo "2108"]
[EventDate "2023.07.10"]
[PlyCount "136"]

1.c4 Nf6 2.g3 e5 3.Bg2 d6 4.Nc3 g6 5.h3 Bg7 6.Nf3 O-O 7.O-O Nc6 8.d4 Ne8 9.d5 
Ne7 10.Rb1 a5 11.b3 f5 12.Bb2 h6 13.a3 Nf6 14.Nb5 g5 15.Ne1 f4 16.g4 h5 17.f3 
Ng6 18.Nc2 Nh4 19.Bh1 Qd7 20.Rf2 hxg4 21.fxg4 Nxg4 22.hxg4 Qxg4+ 23.Kf1 Qd7 
24.Be4 g4 25.Rh2 Nf5 26.Qd3 g3 27.Rh5 Nh6 28.Bh7+ Kh8 29.Be4 Qg4 30.Bf3 g2+ 
31.Kg1 Qg3 32.Bc3 Bf5 33.Rxf5 Nxf5 34.Be1 Qg5 35.Bf2 Bf6 36.Be4 Bd8 37.Qh3+ Nh6 
38.Qxg2 Qf6 39.Kf1 Rg8 40.Qh3 Qf8 41.Ne1 Kg7 42.Nf3 Qe8 43.Bh4 c6 44.Nc3 Qh5 
45.Qg2+ Kh8 46.Bf6+ Bxf6 47.Qf2 Qh3+ 48.Ke1 Rg2 49.Qf1 Qg3+ 50.Kd2 Bg7 51.Qh1 
Kg8 52.Qh5 Qg4 53.Qh1 Rf8 54.Rf1 Nf5 55.Nh2 Qg3 56.Qxg2 Ne3 57.Qxg3 Nxf1+ 
58.Ke1 Nxg3 59.Bf3 cxd5 60.Nxd5 e4 61.Bg4 Bd4 62.Be6+ Kg7 63.Ng4 f3 64.e3 Be5 
65.Kf2 Nh5 66.Nxe5 dxe5 67.Bg4 Nf6 68.Bf5 Nxd5 0-1

[Event "Jan Macieja Memorial"]
[Site "Warsaw POL"]
[Date "2023.07.10"]
[Round "11.33"]
[White "Smetek, Michal"]
[Black "Krogulski, Maksymilian"]
[Result "1-0"]
[WhiteElo "2036"]
[BlackElo "1750"]
[EventDate "2023.07.10"]
[PlyCount "111"]

1.d4 d5 2.c4 c6 3.Nc3 e6 4.e4 dxe4 5.Nxe4 Nf6 6.Nxf6+ Qxf6 7.Nf3 h6 8.Bd3 Bb4+ 
9.Bd2 Bxd2+ 10.Qxd2 O-O 11.O-O Rd8 12.Qe3 Nd7 13.Rfd1 b6 14.Qe4 Bb7 15.Ne5 Rac8 
16.b4 Rc7 17.c5 bxc5 18.bxc5 g6 19.Nc4 Nf8 20.Nd6 Rcd7 21.Rab1 Ba8 22.Qe5 Qe7 
23.Be4 f5 24.Bf3 g5 25.h3 Ng6 26.Qe3 Nf4 27.h4 Nd5 28.Bxd5 cxd5 29.Re1 gxh4 
30.Qxh6 Qg7 31.Qxe6+ Kh8 32.Qxf5 Rf8 33.Qh5+ Kg8 34.Qxh4 Rdd8 35.Re3 Qh7 
36.Qxh7+ Kxh7 37.Re7+ Kg6 38.Rxa7 Rf4 39.Rb6 Kg5 40.Rba6 Rxd4 41.Rxa8 Rd1+ 
42.Kh2 Rxa8 43.Rxa8 Rc1 44.Rc8 Kf4 45.c6 Rc2 46.c7 Rxa2 47.Rf8+ Ke5 48.c8=Q d4 
49.Nc4+ Ke4 50.Qe6+ Kd3 51.Ne5+ Kd2 52.Qxa2+ Ke1 53.Nd3+ Kd1 54.Nf4 d3 55.Rb8 
d2 56.Rb1# 1-0

[Event "Jan Macieja Memorial"]
[Site "Warsaw POL"]
[Date "2023.07.10"]
[Round "11.34"]
[White "Szewczak, Andrzej"]
[Black "Zhuk, Ivan"]
[Result "0-1"]
[WhiteElo "1843"]
[BlackElo "2032"]
[EventDate "2023.07.10"]
[PlyCount "119"]

1.b4 e5 2.Bb2 d6 3.e4 Nf6 4.d3 g6 5.c4 Bg7 6.Be2 O-O 7.h3 a5 8.b5 c6 9.a4 cxb5 
10.axb5 Nbd7 11.Nf3 Nc5 12.Nbd2 Nh5 13.g3 Kh8 14.Nb3 Ne6 15.Bc3 a4 16.Nbd2 Nc5 
17.Bb4 f5 18.Bxc5 dxc5 19.Rxa4 Rxa4 20.Qxa4 fxe4 21.dxe4 Be6 22.Qc2 Qd7 23.Nb3 
b6 24.Qd2 Qf7 25.Qc3 Bxc4 26.Qxc4 Qxc4 27.Bxc4 Rxf3 28.Ke2 Rc3 29.Rc1 Rxc1 
30.Nxc1 Nf6 31.Kd3 Ne8 32.Ne2 Nd6 33.Nc3 Bf6 34.Nd5 Bd8 35.f3 Kg7 36.Kc3 h5 
37.Ne3 Kf6 38.Bd3 Kg5 39.Nd5 h4 40.f4+ exf4 41.gxf4+ Kh6 42.e5 Nc8 43.Kc4 Kg7 
44.Ne3 Kf7 45.Kd5 g5 46.f5 Ne7+ 47.Kd6 Ke8 48.Be4 Kf7 49.Kd7 c4 50.Kxd8 c3 
51.Kc7 g4 52.Nxg4 c2 53.Bxc2 Nd5+ 54.Kb7 Nb4 55.Bb3+ Ke7 56.f6+ Kf8 57.e6 Ke8 
58.Ne5 Kd8 59.Nc6+ Nxc6 60.bxc6 0-1

[Event "Jan Macieja Memorial"]
[Site "Warsaw POL"]
[Date "2023.07.10"]
[Round "11.35"]
[White "Budzisz, Adrian"]
[Black "Kazmierowski, Tymon"]
[Result "1-0"]
[WhiteElo "2018"]
[BlackElo "1698"]
[EventDate "2023.07.10"]
[PlyCount "73"]

1.e4 c5 2.Nf3 d6 3.Bb5+ Bd7 4.Bxd7+ Nxd7 5.O-O Ngf6 6.Re1 e6 7.c3 Be7 8.d4 O-O 
9.Nbd2 Qc7 10.a4 cxd4 11.cxd4 Rac8 12.b3 Qc2 13.Ba3 Qxd1 14.Raxd1 Rfe8 15.Rc1 
Kf8 16.h3 Nb8 17.Kf1 d5 18.Bxe7+ Kxe7 19.e5 Nfd7 20.Ke2 Nc6 21.h4 Nb4 22.h5 Rc6 
23.Rxc6 bxc6 24.Rc1 Rc8 25.h6 gxh6 26.Rh1 c5 27.dxc5 Nxc5 28.Rxh6 Ne4 29.Nxe4 
dxe4 30.Ng5 Rc2+ 31.Ke3 Nd5+ 32.Kxe4 Rxf2 33.Rxh7 Rf4+ 34.Kd3 Ke8 35.Ne4 Rf5 
36.Nd6+ Ke7 37.Nxf5+ 1-0

[Event "Jan Macieja Memorial"]
[Site "Warsaw POL"]
[Date "2023.07.10"]
[Round "11.37"]
[White "Karut, Kacper"]
[Black "Szewczyk, Mariusz"]
[Result "0-1"]
[WhiteElo "1796"]
[BlackElo "1994"]
[EventDate "2023.07.10"]
[PlyCount "88"]

1.e4 e5 2.Nf3 Nc6 3.Bc4 Bc5 4.c3 Nf6 5.d4 exd4 6.b4 Bb6 7.e5 d5 8.exf6 dxc4 
9.Qe2+ Be6 10.b5 Na5 11.fxg7 Rg8 12.cxd4 Bxd4 13.Nxd4 Qxd4 14.Bb2 Qf4 15.Nd2 
O-O-O 16.Be5 Qf5 17.Qe4 Rd5 18.Qxf5 Bxf5 19.Bc3 Re8+ 20.Kf1 Rxb5 21.f3 Nc6 
22.Kf2 Bd3 23.Rae1 Rg8 24.h4 Nb4 25.a3 Nd5 26.Nb1 Bxb1 27.Rxb1 Rxb1 28.Rxb1 
Nxc3 29.Rc1 Nd5 30.Rxc4 Rxg7 31.g4 c6 32.Re4 Kd7 33.h5 f6 34.Kg3 Re7 35.Rd4 Kd6 
36.Rd3 c5 37.Kh4 c4 38.Rd1 Re3 39.f4 h6 40.g5 fxg5+ 41.fxg5 Re4+ 42.Kh3 hxg5 
43.h6 Rh4+ 44.Kg3 Rxh6 0-1

[Event "Jan Macieja Memorial"]
[Site "Warsaw POL"]
[Date "2023.07.10"]
[Round "11.38"]
[White "Sacharewicz, Krzysztof"]
[Black "Adamczyk, Zuzanna"]
[Result "1-0"]
[WhiteElo "1762"]
[BlackElo "1983"]
[EventDate "2023.07.10"]
[PlyCount "123"]

1.d4 Nf6 2.Nf3 e6 3.c4 d5 4.Nc3 dxc4 5.e3 a6 6.Bxc4 b5 7.Bd3 Bb7 8.a3 c5 9.dxc5 
Bxc5 10.b4 Bd6 11.Bb2 O-O 12.O-O Nc6 13.Rc1 Qe7 14.Qe2 e5 15.Ne4 Nxe4 16.Bxe4 
Rac8 17.Rfd1 Rfd8 18.h3 g6 19.Bd5 e4 20.Bxc6 Bxc6 21.Nd4 Bb7 22.Rxc8 Rxc8 
23.Rc1 Rxc1+ 24.Bxc1 Qe5 25.g3 Bd5 26.Bb2 Bc4 27.Qd2 Qd5 28.Qc3 Be5 29.Kg2 f6 
30.Qc2 Kg7 31.Qd1 Bd3 32.Qc1 Qc4 33.Qxc4 bxc4 34.Bc3 Kf7 35.a4 Ke7 36.Nc6+ Kd6 
37.Nxe5 fxe5 38.f3 Bc2 39.a5 exf3+ 40.Kxf3 Kd5 41.h4 h6 42.g4 Bd1+ 43.Kg3 Ke4 
44.b5 axb5 45.a6 Kxe3 46.a7 Bf3 47.Bxe5 b4 48.Bf4+ Ke2 49.Bxh6 b3 50.Bg7 Be4 
51.h5 gxh5 52.gxh5 Kd2 53.h6 c3 54.h7 b2 55.Bxc3+ Kxc3 56.h8=Q+ Kb3 57.Qb8+ Kc2 
58.Qc7+ Kb3 59.Qb6+ Kc2 60.Qc5+ Kb3 61.Qb5+ Kc2 62.Qc4+ 1-0

[Event "Jan Macieja Memorial"]
[Site "Warsaw POL"]
[Date "2023.07.10"]
[Round "11.39"]
[White "Adamski, Jan"]
[Black "Michalska, Aleksandra"]
[Result "1-0"]
[WhiteElo "1966"]
[BlackElo "1730"]
[EventDate "2023.07.10"]
[PlyCount "99"]

1.Nf3 e6 2.c4 Nf6 3.g3 d5 4.Bg2 Be7 5.d4 O-O 6.Qc2 b6 7.O-O Bb7 8.cxd5 Bxd5 
9.Nc3 Bb7 10.Rd1 Nbd7 11.e4 a6 12.Bf4 Nh5 13.Be3 Rc8 14.d5 e5 15.Bh3 Bd6 16.Nd2 
Rb8 17.Nc4 Nhf6 18.a4 a5 19.Nb5 Nc5 20.f3 Ba6 21.Kg2 Re8 22.b3 Bc8 23.Bxc8 Rxc8 
24.Na7 Ra8 25.Nc6 Qd7 26.N6xa5 bxa5 27.Na3 Na6 28.Nb5 Nb4 29.Qd2 Reb8 30.Rdc1 
Rxb5 31.axb5 Qxb5 32.Rc3 Nd7 33.Kf2 Nb6 34.Qe2 Qxe2+ 35.Kxe2 a4 36.Bxb6 cxb6 
37.Rxa4 Rxa4 38.Rc8+ Bf8 39.bxa4 f6 40.d6 Kf7 41.d7 Be7 42.d8=Q Bxd8 43.Rxd8 
Nc6 44.Rd7+ Kg6 45.Rd6 Nd4+ 46.Ke3 Nc2+ 47.Kd3 Nb4+ 48.Kc3 Na2+ 49.Kb3 Nc1+ 
50.Kb2 1-0

[Event "Jan Macieja Memorial"]
[Site "Warsaw POL"]
[Date "2023.07.10"]
[Round "11.40"]
[White "Kotowicz, Kamil"]
[Black "Korbal, Arkadiusz"]
[Result "0-1"]
[WhiteElo "1726"]
[BlackElo "1956"]
[EventDate "2023.07.10"]
[PlyCount "70"]

1.d4 d5 2.Nf3 Nf6 3.Bf4 c5 4.e3 Nc6 5.c3 Qb6 6.Qc1 Bf5 7.Nbd2 e6 8.Nh4 Bg4 9.f3 
Bh5 10.g4 Bg6 11.Nxg6 hxg6 12.Rb1 Nd7 13.Bg3 Be7 14.Bg2 O-O 15.h4 cxd4 16.exd4 
e5 17.O-O exd4 18.Bf2 Qd8 19.cxd4 Bxh4 20.Nb3 Bxf2+ 21.Rxf2 Qf6 22.Qd2 Nb6 
23.f4 Nc4 24.Qd3 Rad8 25.a3 a5 26.a4 Nb4 27.Qc3 Rfe8 28.Re1 Rxe1+ 29.Qxe1 Nd3 
30.Qc3 Nxf2 31.Kxf2 Qxf4+ 32.Bf3 Qh2+ 33.Bg2 Re8 34.Nxa5 Qf4+ 35.Bf3 Re3 0-1

[Event "Jan Macieja Memorial"]
[Site "Warsaw POL"]
[Date "2023.07.10"]
[Round "11.41"]
[White "Bury, Milosz"]
[Black "Majek, Kacper"]
[Result "0-1"]
[WhiteElo "1651"]
[BlackElo "1950"]
[EventDate "2023.07.10"]
[PlyCount "88"]

1.e4 e5 2.Bc4 Nf6 3.d3 Bc5 4.Nc3 h6 5.Nf3 Nc6 6.Be3 Bb6 7.Nd5 d6 8.Nxb6 axb6 
9.O-O O-O 10.Qd2 Ng4 11.c3 Na5 12.Bb5 f5 13.exf5 Bxf5 14.b4 Nc6 15.h3 Nxe3 
16.Qxe3 Qf6 17.Bc4+ Kh8 18.b5 Ne7 19.Bb3 Ng6 20.d4 Bxh3 21.dxe5 dxe5 22.Nxe5 
Qxe5 23.Qxh3 Nf4 24.Qe3 Ne2+ 25.Kh1 Qxe3 26.fxe3 Ng3+ 27.Kg1 Nxf1 28.Rxf1 Rxf1+ 
29.Kxf1 g5 30.Bd5 Kg7 31.Ke2 Kf6 32.g4 Ke5 33.Bxb7 Rxa2+ 34.Kf3 Rc2 35.Bc6 Rxc3 
36.Bd7 Kd6 37.Be8 Rc4 38.Kg3 Rb4 39.Kf3 Kc5 40.e4 Kd4 41.Bc6 Rb3+ 42.Kf2 Ke5 
43.Be8 Kxe4 44.Bg6+ Kf4 0-1

[Event "Jan Macieja Memorial"]
[Site "Warsaw POL"]
[Date "2023.07.10"]
[Round "11.42"]
[White "Siekanska, Maria"]
[Black "Sternik, Piotr"]
[Result "1-0"]
[WhiteElo "1902"]
[BlackElo "1642"]
[EventDate "2023.07.10"]
[PlyCount "156"]

1.d4 c5 2.d5 Nf6 3.c4 b5 4.Nf3 d6 5.Qc2 g6 6.e4 bxc4 7.Bxc4 Bg7 8.O-O O-O 9.Re1 
Ng4 10.Bf4 Nd7 11.Nc3 Nge5 12.Nxe5 Nxe5 13.Bxe5 Bxe5 14.Rad1 a5 15.Ne2 Qb6 
16.b3 Ba6 17.f4 Bg7 18.Ng3 Rab8 19.e5 Bxc4 20.Qxc4 dxe5 21.fxe5 Qb4 22.Rc1 Rfc8 
23.e6 fxe6 24.Rxe6 Qxc4 25.Rxc4 Bd4+ 26.Kh1 Kf7 27.Ne4 h6 28.Rc1 Rb7 29.Rf1+ 
Kg7 30.d6 Rd7 31.dxe7 Re8 32.Rc6 Rdxe7 33.Ng3 h5 34.h4 Re1 35.Rxe1 Rxe1+ 36.Kh2 
Bg1+ 37.Kh3 Bf2 38.Kh2 Re3 39.Rc7+ Kh6 40.Nf1 Re4 41.g3 Bd4 42.Rf7 Re2+ 43.Kh3 
Rxa2 44.g4 hxg4+ 45.Kxg4 Rg2+ 46.Kh3 Rg1 47.Ng3 Rb1 48.Rf3 Ra1 49.Ne4 a4 
50.bxa4 Rxa4 51.Nd6 Ra1 52.Nf7+ Kg7 53.Ng5 Rh1+ 54.Kg3 Rg1+ 55.Kh2 Rc1 56.Ne6+ 
Kh7 57.Rf7+ Kg8 58.Rd7 Be5+ 59.Kg2 c4 60.Rd8+ Kf7 61.Ng5+ Kg7 62.Ne6+ Kf6 
63.Ng5 c3 64.Rf8+ Ke7 65.Rc8 c2 66.Nf3 Bf6 67.Rc7+ Kd6 68.Rc4 Kd5 69.Rc8 Bd4 
70.Rd8+ Ke6 71.Nxd4+ Ke5 72.Nf3+ Ke4 73.Rc8 Kf4 74.Nd4 Ke4 75.Nxc2 Ke5 76.Rc6 
Kf5 77.Nd4+ Ke4 78.Rxc1 Kd5 1-0

[Event "Jan Macieja Memorial"]
[Site "Warsaw POL"]
[Date "2023.07.10"]
[Round "11.43"]
[White "Dworakowska, Joanna"]
[Black "Jasiulewicz, Dawid"]
[Result "0-1"]
[WhiteElo "2234"]
[BlackElo "1797"]
[EventDate "2023.07.10"]
[PlyCount "87"]

1.e4 c5 2.Nf3 d6 3.d4 cxd4 4.Nxd4 Nf6 5.Nc3 a6 6.Bg5 e6 7.f4 Qc7 8.Bxf6 gxf6 
9.Qf3 b5 10.Bd3 b4 11.Nce2 Bb7 12.O-O Qc5 13.Kh1 Nd7 14.a3 h5 15.Nb3 Qb6 
16.axb4 Qxb4 17.Na5 Nc5 18.c3 Qb6 19.Nxb7 Qxb7 20.b4 Nxd3 21.Qxd3 Be7 22.Ra5 
Bd8 23.Ra4 h4 24.h3 Rg8 25.Rfa1 f5 26.b5 fxe4 27.Rxe4 axb5 28.Rxa8 Qxa8 29.Nd4 
Kf8 30.Qf3 Qd5 31.Kh2 Bf6 32.Re2 Qxf3 33.Nxf3 Bxc3 34.Nxh4 b4 35.Re3 Ke7 
36.Nf5+ Kd7 37.Nh6 Rb8 38.Nxf7 b3 39.f5 e5 40.Rxc3 b2 41.Nxe5+ Ke8 42.Nc4 b1=Q 
43.Nxd6+ Ke7 44.Nc4 0-1

[Event "Jan Macieja Memorial"]
[Site "Warsaw POL"]
[Date "2023.07.10"]
[Round "11.44"]
[White "Smietanska, Wiktoria"]
[Black "Kaliszuk, Kamil"]
[Result "1/2-1/2"]
[WhiteElo "1886"]
[BlackElo "2134"]
[EventDate "2023.07.10"]
[PlyCount "174"]

1.c4 Nf6 2.Nc3 e6 3.e4 c5 4.e5 Ng8 5.Nf3 Nc6 6.d4 cxd4 7.Nxd4 Nxe5 8.Ndb5 Nf6 
9.Nd6+ Bxd6 10.Qxd6 Nc6 11.Nb5 Qe7 12.Nc7+ Kd8 13.Qxe7+ Nxe7 14.Nxa8 Nc6 15.Bf4 
e5 16.Bg5 b6 17.Bxf6+ gxf6 18.O-O-O Bb7 19.Nxb6 axb6 20.Bd3 Nd4 21.f3 Rg8 
22.Rd2 f5 23.b4 Ke7 24.Re1 d6 25.Kb2 f6 26.Bb1 Kf7 27.a3 h5 28.c5 bxc5 29.bxc5 
d5 30.Ba2 Bc6 31.Rb1 Ra8 32.Rd3 Ra5 33.Rc3 Ke7 34.Ka1 Nb5 35.Rd3 Nxa3 36.Rb6 
Nc2+ 37.Kb2 Rxc5 38.Rc3 Rxc3 39.Kxc3 Nd4 40.Ra6 h4 41.Ra7+ Kd6 42.Rh7 Ne2+ 
43.Kd2 Nf4 44.g3 hxg3 45.hxg3 Ne6 46.Rh6 Ke7 47.Rh7+ Kd6 48.Rf7 Nd4 49.Rxf6+ 
Kc5 50.Ke3 Nc2+ 51.Kf2 Nd4 52.g4 fxg4 53.fxg4 e4 54.g5 Nc2 55.Bb1 e3+ 56.Ke2 
Bb5+ 57.Kf3 e2 58.Re6 e1=Q 59.Rxe1 Nxe1+ 60.Kf2 Bd3 61.Ba2 Nc2 62.g6 Bxg6 
63.Bxd5 Kxd5 64.Ke2 Kd4 65.Kf3 Ne3 66.Kf4 Be4 67.Kg3 Ke5 68.Kf2 Kf4 69.Ke2 Nd5 
70.Kd2 Bf5 71.Ke2 Ke4 72.Kd2 Bg4 73.Kc2 Kd4 74.Kd2 Ne3 75.Ke1 Ke4 76.Kd2 Kd4 
77.Kc1 Kc3 78.Kb1 Nc4 79.Kc1 Nb2 80.Kb1 Bf5+ 81.Kc1 Nc4 82.Kd1 Bd3 83.Kc1 Be4 
84.Kd1 Kd3 85.Kc1 Kc3 86.Kd1 Bf3+ 87.Kc1 Nd2 1/2-1/2

[Event "Jan Macieja Memorial"]
[Site "Warsaw POL"]
[Date "2023.07.10"]
[Round "11.46"]
[White "Janeczko, Jakub"]
[Black "Zareba, Piotr"]
[Result "1-0"]
[WhiteElo "1991"]
[BlackElo "1743"]
[EventDate "2023.07.10"]
[PlyCount "91"]

1.e4 c5 2.d3 Nc6 3.g3 g6 4.Bg2 Bg7 5.f4 d6 6.Nf3 e6 7.O-O Nge7 8.c3 O-O 9.Be3 
b6 10.Na3 Bb7 11.Nc2 d5 12.e5 Rc8 13.Bf2 f6 14.exf6 Bxf6 15.Re1 Qd7 16.Qe2 Kf7 
17.Ne3 Nf5 18.Ng4 Rce8 19.Nxf6 Kxf6 20.g4 Ng7 21.Ng5 Ke7 22.Bh4 Kd6 23.Bg3 Kc7 
24.Nxh7 Rh8 25.Ng5 Kc8 26.a3 Rhf8 27.b4 cxb4 28.axb4 a6 29.d4 b5 30.Qd3 Rf6 
31.Nh7 Rf7 32.Qxg6 Qe7 33.Ng5 Rf6 34.Qd3 Qd7 35.h4 Kb8 36.f5+ Kc8 37.Be5 Rff8 
38.f6 Nxe5 39.dxe5 Nh5 40.gxh5 Rh8 41.Bf3 Kc7 42.Qd4 Kb8 43.Qb6 Rhg8 44.Rxa6 
Qc7 45.Ra8+ Kxa8 46.Qxc7 1-0

[Event "Jan Macieja Memorial"]
[Site "Warsaw POL"]
[Date "2023.07.10"]
[Round "11.47"]
[White "Kalus, Franciszek"]
[Black "Taranowicz, Michal"]
[Result "0-1"]
[WhiteElo "1727"]
[BlackElo "1975"]
[EventDate "2023.07.10"]
[PlyCount "128"]

1.d4 e6 2.Nf3 c5 3.c3 Nc6 4.Bf4 cxd4 5.cxd4 Nf6 6.Nc3 Qb6 7.Rb1 Bb4 8.e3 Nd5 
9.Qc2 Nxc3 10.bxc3 Bxc3+ 11.Kd1 Qa5 12.Rb5 Nb4 13.Qxc3 Qxa2 14.Qxb4 b6 15.Qb1 
Qa4+ 16.Rb3 Bb7 17.Bd6 Bd5 18.Nd2 Rc8 19.Bb5 Bxb3+ 20.Qxb3 Qa1+ 21.Qb1 Qa5 
22.Ke2 a6 23.Bd3 Rc6 24.Bb4 Qh5+ 25.f3 g5 26.Rc1 Qxh2 27.Rxc6 Qxg2+ 28.Kd1 dxc6 
29.Be2 Qg1+ 30.Kc2 Qxe3 31.Bd3 a5 32.Bc3 b5 33.Bxa5 O-O 34.Qh1 f5 35.Qh6 Ra8 
36.Bc3 Ra2+ 37.Bb2 Rxb2+ 38.Kxb2 Qxd2+ 39.Bc2 Qxd4+ 40.Kb1 Qb4+ 41.Kc1 Qe1+ 
42.Kb2 Qe5+ 43.Kb1 Qe3 44.Qf6 c5 45.Qd8+ Kg7 46.Qe7+ Kh6 47.Qf6+ Kh5 48.Qf7+ 
Kh4 49.Qxh7+ Kg3 50.Qc7+ Kxf3 51.Qb7+ Kf2 52.Qxb5 g4 53.Qd7 g3 54.Qd1 Qe1 
55.Kc1 g2 56.Kb2 Qxd1 57.Bxd1 g1=Q 58.Ka2 Qxd1 59.Ka3 Qc1+ 60.Ka2 Qc2+ 61.Ka1 
Qc3+ 62.Ka2 Qb4 63.Ka1 Ke2 64.Ka2 Kd2 0-1

[Event "Jan Macieja Memorial"]
[Site "Warsaw POL"]
[Date "2023.07.10"]
[Round "11.48"]
[White "Podgorski, Maciej"]
[Black "Szlod, Wiktor"]
[Result "1-0"]
[WhiteElo "1945"]
[BlackElo "1439"]
[EventDate "2023.07.10"]
[PlyCount "45"]

1.e4 c5 2.Nc3 g6 3.d4 cxd4 4.Qxd4 Nf6 5.Nf3 Nc6 6.Qa4 Bg7 7.e5 Ng4 8.Qxg4 d6 
9.Qh4 Nxe5 10.Nxe5 Bxe5 11.Bd3 Be6 12.O-O f5 13.Re1 a6 14.Bh6 Qc7 15.Rad1 Bf7 
16.Bg5 h6 17.Bxe7 b5 18.Bf6 Rh7 19.f4 Qc5+ 20.Kh1 Kd7 21.fxe5 d5 22.Qg3 g5 
23.Bxf5+ 1-0

[Event "Jan Macieja Memorial"]
[Site "Warsaw POL"]
[Date "2023.07.10"]
[Round "11.49"]
[White "Obukhava, Anastasiya"]
[Black "Marcinczyk, Monika"]
[Result "1-0"]
[WhiteElo "1663"]
[BlackElo "1945"]
[EventDate "2023.07.10"]
[PlyCount "139"]

1.Nf3 d5 2.e3 c5 3.b3 Nf6 4.Bb2 g6 5.Be2 Bg7 6.d4 cxd4 7.Nxd4 Nc6 8.O-O O-O 
9.Nd2 Re8 10.N2f3 Bd7 11.c4 Nxd4 12.Nxd4 dxc4 13.Bxc4 e5 14.Nf3 Qa5 15.a3 Rad8 
16.b4 Qc7 17.Qb3 Be6 18.Bxe6 Rxe6 19.Rac1 Qe7 20.Rc5 Ne4 21.Rc4 Nd6 22.Rc5 Ne4 
23.Rc2 Red6 24.h3 Nd2 25.Nxd2 Rxd2 26.Rfc1 Rd1+ 27.Rxd1 Rxd1+ 28.Kh2 Qd7 29.Qc3 
Bf8 30.g3 Qf5 31.Qxe5 Qxe5 32.Bxe5 Rd3 33.Bb2 Rd7 34.Kg2 f5 35.Kf3 Kf7 36.Bd4 
b6 37.Rc6 Bd6 38.Ke2 Ke6 39.Kd3 Kd5 40.Rc2 Be5 41.Bxe5 Kxe5+ 42.Ke2 Ke4 43.Rc4+ 
Ke5 44.f4+ Ke6 45.e4 fxe4 46.Rxe4+ Kf5 47.Re5+ Kf6 48.g4 Rd4 49.Ke3 Rc4 50.g5+ 
Kf7 51.Rd5 Rc3+ 52.Rd3 Rc1 53.Kd4 Ke6 54.Re3+ Kd6 55.Ke4 Ra1 56.f5 gxf5+ 
57.Kxf5 Rf1+ 58.Kg4 Rf7 59.h4 Kd5 60.h5 Kd4 61.Rf3 Rg7 62.Rf4+ Ke5 63.Rf6 b5 
64.Rc6 Kd4 65.Kf5 Rf7+ 66.Ke6 Rf3 67.g6 hxg6 68.hxg6 Rxa3 69.g7 Rg3 70.Kf7 1-0

[Event "Jan Macieja Memorial"]
[Site "Warsaw POL"]
[Date "2023.07.10"]
[Round "11.50"]
[White "Nowakowski, Maksymilian"]
[Black "Kaminski, Maciej"]
[Result "0-1"]
[WhiteElo "1603"]
[BlackElo "1905"]
[EventDate "2023.07.10"]
[PlyCount "56"]

1.d4 Nf6 2.c4 e5 3.dxe5 Ng4 4.Nf3 d6 5.exd6 Bxd6 6.Nc3 Nc6 7.Bg5 Qd7 8.e3 Nge5 
9.Nxe5 Nxe5 10.Bf4 Qf5 11.Bxe5 Bxe5 12.Rc1 Be6 13.Bd3 Qg5 14.Be4 c6 15.f4 Bxc3+ 
16.Rxc3 Qh4+ 17.g3 Qf6 18.O-O Rd8 19.Qe2 O-O 20.Rd3 Bxc4 21.Rfd1 Bxd3 22.Bxd3 
Rfe8 23.e4 Qd4+ 24.Kg2 Rxe4 25.Qc2 Qd5 26.Bxe4 Qxd1 27.Bxh7+ Kh8 28.Be4 Rd2+ 0-1

[Event "Jan Macieja Memorial"]
[Site "Warsaw POL"]
[Date "2023.07.10"]
[Round "11.51"]
[White "Mocny, Stanislaw"]
[Black "Pesko, Tomasz"]
[Result "1-0"]
[WhiteElo "1369"]
[BlackElo "1904"]
[EventDate "2023.07.10"]
[PlyCount "48"]

1.d4 Nf6 2.Nf3 g6 3.e3 Bg7 4.Bd3 O-O 5.O-O d5 6.c3 Bg4 7.h3 Bxf3 8.Qxf3 Qd6 
9.Nd2 c6 10.e4 dxe4 11.Nxe4 Nxe4 12.Bxe4 Nd7 13.Bf4 e5 14.dxe5 Bxe5 15.Rad1 Qe6 
16.Rfe1 Rfe8 17.Bc2 Qf6 18.Rxd7 Bxf4 19.Red1 Qe5 20.g3 Re7 21.Rxe7 Qxe7 22.Qxf4 
Rf8 23.Bb3 a5 24.Qe3 Qc7 1-0

[Event "Jan Macieja Memorial"]
[Site "Warsaw POL"]
[Date "2023.07.10"]
[Round "11.52"]
[White "Kudlak, Julia"]
[Black "Wiech, Grzegorz"]
[Result "1-0"]
[WhiteElo "1656"]
[BlackElo "2131"]
[EventDate "2023.07.10"]
[PlyCount "53"]

1.e4 c5 2.Nf3 d6 3.d4 cxd4 4.Nxd4 Nf6 5.Nc3 a6 6.Be2 e6 7.O-O Be7 8.Kh1 Qc7 
9.f4 O-O 10.Bf3 Nc6 11.Nxc6 bxc6 12.b3 d5 13.e5 Nd7 14.Ne2 Bb7 15.c3 a5 16.Be3 
c5 17.Qe1 f6 18.Bg4 Qc6 19.Qg3 f5 20.Bf3 Kh8 21.Qh3 g5 22.fxg5 Nxe5 23.Bf4 Ng6 
24.Bh5 Nxf4 25.Nxf4 e5 26.Ng6+ hxg6 27.Bxg6+ 1-0

[Event "Jan Macieja Memorial"]
[Site "Warsaw POL"]
[Date "2023.07.10"]
[Round "11.53"]
[White "Mroczkowski, Adam"]
[Black "Chmiel, Marcin"]
[Result "1/2-1/2"]
[WhiteElo "1631"]
[BlackElo "2084"]
[EventDate "2023.07.10"]
[PlyCount "65"]

1.e4 e5 2.Nf3 Nc6 3.Bc4 Bc5 4.c3 Nf6 5.d3 O-O 6.Nbd2 d5 7.exd5 Nxd5 8.O-O Bf5 
9.Ne4 Be7 10.Ng3 Bg6 11.Re1 Nb6 12.Bb3 Qxd3 13.Qxd3 Bxd3 14.Nxe5 Nxe5 15.Rxe5 
Rfe8 16.Bf4 Bc4 17.Rae1 Bxb3 18.axb3 Kf8 19.Nf5 Bf6 20.Rxe8+ Rxe8 21.Rxe8+ Kxe8 
22.Bxc7 Nd5 23.Bd6 Kd7 24.Bc5 g6 25.Ne3 Nxe3 26.Bxe3 a6 27.Kf1 Be5 28.Ke2 Ke6 
29.h3 f5 30.Kd3 Kd5 31.Bb6 Bd6 32.b4 Be7 33.Bd4 1/2-1/2

[Event "Jan Macieja Memorial"]
[Site "Warsaw POL"]
[Date "2023.07.10"]
[Round "11.54"]
[White "Derylo, Kamil"]
[Black "Matskevich, Varvara"]
[Result "1/2-1/2"]
[WhiteElo "2026"]
[BlackElo "1628"]
[EventDate "2023.07.10"]
[PlyCount "151"]

1.e4 c5 2.Nf3 Nc6 3.Bb5 Qb6 4.Bxc6 Qxc6 5.Qe2 d6 6.O-O Bg4 7.c3 Nf6 8.Re1 e5 
9.Na3 Be7 10.Nc2 O-O 11.d4 cxd4 12.cxd4 Bxf3 13.gxf3 Rac8 14.Nb4 Qc4 15.Bd2 
Qxd4 16.Bc3 Qc4 17.Qd2 Qe6 18.Kg2 b5 19.Rg1 a5 20.Nd3 b4 21.Bxb4 axb4 22.Nxb4 
g6 23.a4 Rfd8 24.a5 d5 25.Nxd5 Nxd5 26.exd5 Rxd5 27.Qe2 Rdc5 28.a6 Rc2 29.Qe4 
f5 30.Qb7 R2c7 31.Qb5 Rc5 32.Qb7 e4 33.a7 exf3+ 34.Kh1 R5c7 35.a8=Q Rxb7 
36.Qxb7 Kg7 37.Ra7 Re8 38.Qd7 Qxd7 39.Rxd7 Kf6 40.Re1 h5 41.Re3 g5 42.Ra7 f4 
43.Ra6+ Kf5 44.Re1 Rd8 45.Ra5+ Kf6 46.Ra6+ Kf7 47.Ra7 Re8 48.h3 Kf6 49.Ra6+ Kf7 
50.Ra7 Kf6 51.b4 g4 52.hxg4 hxg4 53.Kg1 g3 54.fxg3 fxg3 55.Rf1 f2+ 56.Kg2 Bxb4 
57.Kxg3 Rg8+ 58.Kf3 Be1 59.Ra4 Rf8 60.Ke2 Ke7 61.Re4+ Kd6 62.Re3 Rf6 63.Rh3 
Re6+ 64.Kd1 Rg6 65.Rhh1 Ke5 66.Ke2 Ke4 67.Rh4+ Ke5 68.Ra4 Re6 69.Rh1 Kd5+ 
70.Kf1 Rg6 71.Ra5+ Kc4 72.Ra4+ Kb3 73.Rf4 Kc3 74.Rf3+ Kd2 75.Rxf2+ Bxf2 76.Kxf2 1/2-1/2

[Event "Jan Macieja Memorial"]
[Site "Warsaw POL"]
[Date "2023.07.10"]
[Round "11.55"]
[White "Zalega, Maciej"]
[Black "Wieckowski, Kamil"]
[Result "1-0"]
[WhiteElo "1992"]
[BlackElo "1608"]
[EventDate "2023.07.10"]
[PlyCount "137"]

1.e4 c5 2.Nf3 e6 3.g3 b6 4.Bg2 Bb7 5.Qe2 Nc6 6.c3 Be7 7.O-O Nf6 8.Rd1 d5 9.exd5 
Nxd5 10.d4 cxd4 11.Nxd4 Nxd4 12.Rxd4 Bc5 13.Rg4 g6 14.c4 Ba6 15.Bxd5 Qxd5 16.b3 
Qd7 17.Bb2 Rg8 18.Nc3 O-O-O 19.Ne4 Qc6 20.Nxc5 bxc5 21.Rf1 Bb7 22.f3 Rd7 23.Qe3 
Rgd8 24.Ba3 f5 25.Rh4 g5 26.Rh6 g4 27.Rxe6 Rd6 28.Rxd6 Qxd6 29.Bxc5 Qd2 30.Bxa7 
Qxe3+ 31.Bxe3 Bxf3 32.Kf2 Rd3 33.Rc1 Kc7 34.b4 Ra3 35.Rc2 Ra4 36.b5 h5 37.c5 
Rb4 38.b6+ Kc6 39.Rd2 Bd5 40.Rc2 Ra4 41.Bf4 Rxa2 42.Rxa2 Bxa2 43.Bd6 Bd5 44.Ke3 
Be4 45.Kf4 Bd5 46.Kxf5 Bf3 47.Kg5 Bg2 48.Kxh5 Bh3 49.Kh4 Kb7 50.Kg5 Kc6 51.Kf4 
Kb7 52.Bf8 Kc6 53.Ke5 Bg2 54.Ke6 Bf1 55.Bd6 Bg2 56.Ke7 Bf3 57.Kd8 Kb7 58.Kd7 
Bg2 59.Bc7 Bf3 60.Kd6 Bg2 61.Ke5 Bf3 62.Kd4 Kc6 63.Bd6 Bg2 64.h4 gxh3 65.g4 Bf3 
66.g5 Bh5 67.Ke4 Kd7 68.Ke3 Bf7 69.b7 1-0